Reprezentacje na Mistrzostwach Świata 2002 - Statystyki

Ogólne statystyki
  • Ten quiz został rozwiązany 369 razy
  • Średni wynik to 24 z 32
Statystyki odpowiedzi
Grupa A % Poprawnych
Brazylia
95%
Polska
95%
Niemcy
93%
Portugalia
93%
Argentyna
92%
Japonia
92%
Hiszpania
91%
Stany Zjednoczone
91%
Francja
90%
Korea Południowa
90%
Anglia
88%
Włochy
87%
Rosja
82%
Meksyk
81%
Urugwaj
81%
Szwecja
80%
Belgia
79%
Senegal
74%
Turcja
73%
Chorwacja
72%
Dania
69%
Kamerun
69%
RPA
68%
Arabia Saudyjska
65%
Kostaryka
62%
Chiny
61%
Nigeria
61%
Paragwaj
57%
Ekwador
56%
Irlandia
52%
Tunezja
48%
Słowenia
44%
Nie znaleziono quizów pasujących do podanych kryteriów
Rozkład punktacji
Procent ludzi z każdym wynikiem
Percentyl według liczby udzielonych odpowiedzi
Twoja historia wyników
Nie rozwiązałeś tego quizu